The entitlement of the payee under a construction contract to raise defects as a lawful ground for non-payment (Record no. 82996)

MARC details
000 -LEADER
fixed length control field 00817cab a22001935a 4500
001 - CONTROL NUMBER
control field L152539
008 - FIXED-LENGTH DATA ELEMENTS--GENERAL INFORMATION
fixed length control field 110325s2011 xxk f 000 0 eng d
035 ## - SYSTEM CONTROL NUMBER
System control number (Sirsi) u152539
041 0# - LANGUAGE CODE
Language code of text/sound track or separate title eng
100 1# - MAIN ENTRY--PERSONAL NAME
Personal name Harris, Philip
245 04 - TITLE STATEMENT
Title The entitlement of the payee under a construction contract to raise defects as a lawful ground for non-payment
260 ## - PUBLICATION, DISTRIBUTION, ETC.
Date of publication, distribution, etc. 2011
490 #0 - SERIES STATEMENT
Series statement Construction Law Journal
Volume/sequential designation 27(2) 2011, 133-144(11)
520 ## - SUMMARY, ETC.
Summary, etc. Considers the significance of practical completion, payment obligations, withholding, Housing Grants Construction and Regeneration Act 1996, Local Democracy, Economic Development and Construction Act 2009.
590 ## - LOCAL NOTE (RLIN)
Local note KA
651 #4 - SUBJECT ADDED ENTRY--GEOGRAPHIC NAME
Geographic name England and Wales
Chronological subdivision 1543-
690 ## - LOCAL SUBJECT ADDED ENTRY--TOPICAL TERM (OCLC, RLIN)
Topical term or geographic name as entry element BUILT ENVIRONMENT-CONSTRUCTION MANAGEMENT-BUILDING CONTRACT ADMINISTRATION
942 ## - ADDED ENTRY ELEMENTS (KOHA)
Suppress in OPAC 0
Holdings
Withdrawn status Lost status Source of classification or shelving scheme Damaged status Not for loan Home library Current library Shelving location Date acquired Total Checkouts Full call number Barcode Date last seen Copy number Price effective from Koha item type
    Dewey Decimal Classification     London London Journal article 25/03/2011   L152539 152539-1001 06/08/2019 1 06/08/2019 Journal article